Culture Générale - Série 2296 - Statistiques

Statistiques générales
  • Ce quiz a été pris 127 fois
  • Le résultat moyen est 5 sur 10
Statistiques - réponses
Question Réponse % Correct
Quel pays a remporté la première coupe du monde de football en 1930 ? Uruguay
74%
Lors de la finale de la coupe du monde 1998 de football, quel joueur a marqué le troisième but offrant la victoire à la France ? prénom et nom - voir photo Emmanuel Petit
71%
De quel pays Golda Meir a-t-elle été Premier ministre de 1969 à 1974 ? Israël
61%
Quelle femme de lettres associe-t-on à Louis Aragon ? prénom et nom Elsa Triolet
60%
Quel animal est la féra ? poisson
49%
Dans la mythologie grecque, quelle est la déesse du mariage ? Héra
46%
Cette femme de lettres a été la première femme à obtenir un prestigieux prix littéraire. Lequel ? Goncourt
43%
Narine des cétacés qui rejette de l'eau évent
35%
Quel animal est le céraste ? serpent
19%
Quelle variété de plante est l'aspic ? lavande
5%
Aucun quiz correspondant
Distribution des résultats
% des personnes avec chaque résultat
Percentile par nombre de réponses
Votre historique - résultats
Vous n’avez pas pris ce quiz